1 jeu de mots = 1 Capitale #3 - Statistiques

Statistiques générales
  • Ce quiz a été pris 164 fois
  • Le résultat moyen est 3 sur 16
Statistiques - réponses
Jeu de mots Pays % Correct
Valet au féminin La Valette
82%
La femme du hamster Amsterdam
66%
La ville du roi Kingston
63%
L'autre ville du roi Kingstown
46%
Le port cré par les maures Port-Moresby
25%
Mazda Damas
10%
C'est houleux ! Séoul
9%
On y est allé a 10 Athènes
6%
Un chinois va à Bali Paris
6%
Il n'est plus que l'ombre de lui meme Londres
5%
Je fais des Origamis Riga
4%
Le roi qui a Victor Reykjavik
3%
Donc Fiat comme voiture ? Sofia
3%
La ville du bien Wellington
3%
Je me suis mis tout le monde à dos Doha
2%
C'est désagréable Zagreb
2%
Aucun quiz correspondant
Distribution des résultats
% des personnes avec chaque résultat
Percentile par nombre de réponses
Votre historique - résultats
Vous n’avez pas pris ce quiz